[Event "ch-Schachbundesliga 2020"]
[Site "Karlsruhe GER"]
[Date "2020.09.16"]
[Round "1.3"]
[Board "8"]
[White "Grafl, Florian"]
[Black "Beikert, Guenther"]
[Result "0-1"]
[WhiteTitle "IM"]
[BlackTitle "IM"]
[WhiteElo "2353"]
[BlackElo "2395"]
[WhiteTeam "FC Bayern Muenchen"]
[BlackTeam "SC Viernheim"]
[WhiteFideId "4645715"]
[BlackFideId "4614186"]
[EventDate "2020.09.16"]

1. b3 c5 2. Bb2 Nc6 3. e3 e6 4. f4 Nf6 5. Nf3 a6 6. Ne5 Qc7 7. Qf3 Nb4 8. Na3 d6
9. Ng4 Nxg4 10. Qxg4 b6 11. Be2 Bb7 12. Bf3 O-O-O 13. O-O Rg8 14. f5 Bxf3 15.
Rxf3 e5 16. Rh3 f6 17. c3 Nc6 18. Qc4 Rh8 19. Qxa6+ Qb7 20. Qxb7+ Kxb7 21. c4 d5
22. cxd5 Rxd5 23. Bc3 e4 24. g4 Bd6 25. Nc4 Bc7 26. a4 Nd8 27. g5 Rxf5 28. gxf6
gxf6 29. Rh6 Nf7 30. Rxf6 Rg8+ 31. Kh1 Rh5 32. Rf2 Nh6 33. Rg1 Ng4 34. Rfg2 Rg6
35. Re2 Bxh2 36. Rgg2 Bg3+ 37. Kg1 Rgh6 38. Kf1 Nh2+ 39. Rxh2 Rxh2 40. Rxh2 Rxh2
41. Kg1 h5 42. b4 h4 43. bxc5 bxc5 44. Na5+ Ka8 0-1

[Event "ch-Schachbundesliga 2020"]
[Site "Karlsruhe GER"]
[Date "2020.09.16"]
[Round "1.4"]
[Board "1"]
[White "Seel, Christian"]
[Black "Gumularz, Szymon"]
[Result "1-0"]
[WhiteTitle "IM"]
[BlackTitle "IM"]
[WhiteElo "2475"]
[BlackElo "2518"]
[WhiteTeam "Aachener SV"]
[BlackTeam "SF Berlin"]
[WhiteFideId "4663098"]
[BlackFideId "1188062"]
[EventDate "2020.09.16"]

1. Nf3 d6 2. d4 Nf6 3. c4 g6 4. Nc3 Bf5 5. g3 Ne4 6. Qb3 Nxc3 7. Qxc3 Bg7 8. Bg2
Nc6 9. Be3 O-O 10. O-O e5 11. dxe5 dxe5 12. Rfd1 Qe7 13. Qb3 Rab8 14. Rd2 h6 15.
Qb5 Rfd8 16. Rad1 Rxd2 17. Rxd2 Be6 18. b3 a6 19. Qc5 Qe8 20. Qa3 f5 21. Qc1 g5
22. Ne1 b6 23. f3 f4 24. Bf2 Bf5 25. e4 Be6 26. Nc2 Qg6 27. Qa3 Ra8 28. Qa4 Bf7
29. Bh3 Be8 30. Bd7 Rd8 31. Bxe8 Rxe8 32. g4 a5 33. c5 bxc5 34. Bxc5 Qe6 35. Kg2
h5 36. h3 hxg4 37. hxg4 Rb8 38. Na3 Bf8 39. Bxf8 Kxf8 40. Nc4 Kg7 41. Nxa5 Nd4
42. Nc4 Rd8 43. Qa5 Kf6 44. Qxc7 Rh8 45. Nb6 Rh2+ 46. Kxh2 Nxf3+ 47. Kh3 Nxd2
48. Nd7+ Kg7 49. Nxe5+ Kh6 50. Nf7+ Kg6 51. Ne5+ Kh6 52. Qc6 Qxc6 53. Nxc6 Nxe4
54. Kg2 Kg6 55. a4 Kf6 56. a5 Nd6 57. a6 Nb5 58. a7 Nc7 59. Kf3 Ke6 60. Ke4 Kd7
61. Nd4 Kc8 62. Ne6 Na8 63. Nxg5 Kb7 64. Ne6 Nb6 65. g5 Nc8 66. g6 Kxa7 67. g7
Ne7 68. Nd4 Kb6 69. Nf5 Ng8 70. Kxf4 1-0

[Event "ch-Schachbundesliga 2020"]
[Site "Karlsruhe GER"]
[Date "2020.09.16"]
[Round "1.4"]
[Board "2"]
[White "Baldauf, Marco"]
[Black "Koch, Thomas1"]
[Result "1-0"]
[WhiteTitle "GM"]
[BlackTitle "IM"]
[WhiteElo "2503"]
[BlackElo "2461"]
[WhiteTeam "SF Berlin"]
[BlackTeam "Aachener SV"]
[WhiteFideId "4688210"]
[BlackFideId "4600533"]
[EventDate "2020.09.16"]

1. d4 Nf6 2. c4 e6 3. Nc3 Bb4 4. Qc2 O-O 5. e4 d5 6. e5 Ne4 7. Bd3 c5 8. Nf3
cxd4 9. Nxd4 Nd7 10. Bf4 Ndc5 11. O-O Nxd3 12. Qxd3 Bxc3 13. bxc3 b6 14. cxd5
exd5 15. Rfe1 Qd7 16. a4 Qg4 17. Qe3 Nc5 18. Nb5 Be6 19. Reb1 Bf5 20. f3 Qg6 21.
Rb4 a5 22. Rb2 Rac8 23. Bg3 Bc2 24. Nd4 Bxa4 25. e6 Qd3 26. Qxd3 Nxd3 27. Rxb6
Rxc3 28. h4 Rc1+ 29. Rxc1 Nxc1 30. Rb1 Nd3 31. Ra1 Nc5 32. Bd6 Nb3 33. Rxa4 1-0

[Event "ch-Schachbundesliga 2020"]
[Site "Karlsruhe GER"]
[Date "2020.09.16"]
[Round "1.4"]
[Board "3"]
[White "Vandenbussche, Thibaut"]
[Black "Sprenger, Jan Michael"]
[Result "1/2-1/2"]
[WhiteTitle "IM"]
[BlackTitle "GM"]
[WhiteElo "2435"]
[BlackElo "2482"]
[WhiteTeam "Aachener SV"]
[BlackTeam "SF Berlin"]
[WhiteFideId "204412"]
[BlackFideId "4646258"]
[EventDate "2020.09.16"]

1. e4 c5 2. Nf3 d6 3. Bb5+ Nc6 4. O-O Bd7 5. Re1 Nf6 6. c3 a6 7. Bf1 Bg4 8. h3
Bxf3 9. Qxf3 g6 10. d3 Bg7 11. Be3 O-O 12. Nd2 b5 13. d4 cxd4 14. cxd4 e5 15.
dxe5 Nxe5 16. Qd1 d5 17. Bg5 Re8 18. a4 bxa4 19. Qxa4 dxe4 20. Nxe4 Qb6 21. Bxf6
Bxf6 22. Qa5 Qe6 23. Qd5 Bg7 24. Qxe6 Rxe6 25. f4 Nd7 26. Bc4 Rb6 27. Rad1 Nf8
28. Ng5 Ne6 29. Nxf7 Kxf7 30. Rd7+ Kf6 31. Bxe6 Rxe6 32. Rxe6+ Kxe6 33. Rxg7 Rf8
34. Rxh7 Rxf4 35. Rg7 Kf6 36. Ra7 Ra4 37. Kf2 a5 38. Rb7 Rc4 39. Kf3 Rc2 40. g4
a4 41. Rb6+ Kg7 42. Kf4 Rc4+ 43. Ke5 g5 44. Kd5 Rc2 45. Kd4 Rh2 46. Rb4 Rxh3 47.
Rxa4 Rb3 48. Ra2 Kf6 49. Kc4 Rg3 50. b4 Rxg4+ 51. Kc5 Rg1 52. Rb2 Ke5 53. b5
Rc1+ 54. Kb4 Kf4 55. b6 Rc8 56. b7 Rb8 57. Kc5 g4 58. Rf2+ Ke3 59. Rf7 g3 60.
Kc6 g2 61. Re7+ Kf2 62. Rf7+ Ke2 63. Rg7 Rxb7 64. Rxg2+ Kf3 65. Kxb7 Kxg2 1/2-1/2

[Event "ch-Schachbundesliga 2020"]
[Site "Karlsruhe GER"]
[Date "2020.09.16"]
[Round "1.4"]
[Board "5"]
[White "Klein, Felix"]
[Black "Jakubowski, Krzysztof"]
[Result "1-0"]
[WhiteTitle "FM"]
[BlackTitle "GM"]
[WhiteElo "2307"]
[BlackElo "2481"]
[WhiteTeam "Aachener SV"]
[BlackTeam "SF Berlin"]
[WhiteFideId "24600458"]
[BlackFideId "1112848"]
[EventDate "2020.09.16"]

1. e4 c5 2. Nf3 d6 3. d4 cxd4 4. Nxd4 Nf6 5. Nc3 a6 6. f3 e6 7. Be3 b5 8. Qd2
Bb7 9. g4 Nfd7 10. g5 Nb6 11. a4 bxa4 12. Nxa4 Nxa4 13. Rxa4 d5 14. e5 Nd7 15.
f4 Nc5 16. Ra2 Ne4 17. Qg2 Bc5 18. Bd3 Qb6 19. c3 a5 20. Qc2 O-O 21. O-O Kh8 22.
Rfa1 f6 23. exf6 gxf6 24. gxf6 Rxf6 25. Kh1 Rg8 26. Rxa5 e5 27. fxe5 Rf3 28. Qe2
Rxe3 29. Qxe3 Qxb2 30. Bxe4 dxe4 31. Rg1 Rxg1+ 32. Kxg1 Bb6 33. Ra4 Qb1+ 34. Kg2
Qb2+ 35. Kg1 Qb1+ 36. Kg2 Qb2+ 37. Kg3 Bc7 38. Qg5 Qxc3+ 39. Kh4 Bc8 40. e6 Qe1+
41. Kh5 Qf2 42. Ra2 Qf8 43. Ra8 Qe8+ 44. Kg4 Bd6 45. Qf6+ Kg8 46. Nf5 Bf8 47.
Qf7+ 1-0

[Event "ch-Schachbundesliga 2020"]
[Site "Karlsruhe GER"]
[Date "2020.09.16"]
[Round "1.4"]
[Board "6"]
[White "Schmidek, Emil"]
[Black "Meessen, Rudolf"]
[Result "1-0"]
[WhiteTitle "FM"]
[BlackTitle "FM"]
[WhiteElo "2395"]
[BlackElo "2234"]
[WhiteTeam "SF Berlin"]
[BlackTeam "Aachener SV"]
[WhiteFideId "12908150"]
[BlackFideId "202029"]
[EventDate "2020.09.16"]

1. d4 e6 2. c4 Nf6 3. Nc3 Bb4 4. e3 O-O 5. Ne2 c6 6. Ng3 d5 7. Bd2 Re8 8. Be2 e5
9. dxe5 Rxe5 10. O-O Nbd7 11. Qc2 Nb6 12. a3 Bf8 13. cxd5 Nbxd5 14. e4 Nb6 15.
Rad1 Re8 16. Bg5 Qe7 17. Nh5 Nbd7 18. Bg4 Qe5 19. Bf4 Qc5 20. b4 Qc4 21. Nxf6+
Nxf6 22. Be2 Qe6 23. e5 Nd7 24. Rfe1 a5 25. Rd4 Nxe5 26. Re4 Qg6 27. Qd1 axb4
28. axb4 Bh3 29. Bg3 Rad8 30. Qc1 f5 31. Rxe5 Rxe5 32. Bc4+ Red5 33. gxh3 Bxb4
34. Nxd5 cxd5 35. Rd1 Qc6 36. Qf4 Ba5 37. Be2 Qe6 38. Bf3 Bc3 39. Bxd5 Rxd5 40.
Qb8+ 1-0

[Event "ch-Schachbundesliga 2020"]
[Site "Karlsruhe GER"]
[Date "2020.09.16"]
[Round "1.4"]
[Board "7"]
[White "Coenen, Norbert"]
[Black "Florstedt, Johannes"]
[Result "1/2-1/2"]
[WhiteTitle "IM"]
[BlackTitle "FM"]
[WhiteElo "2289"]
[BlackElo "2353"]
[WhiteTeam "Aachener SV"]
[BlackTeam "SF Berlin"]
[WhiteFideId "4619455"]
[BlackFideId "12922293"]
[EventDate "2020.09.16"]

1. e4 c5 2. Nf3 d6 3. d4 cxd4 4. Nxd4 Nf6 5. Nc3 a6 6. Be2 e5 7. Nb3 Be7 8. O-O
O-O 9. Be3 Be6 10. Qd2 Nbd7 11. a4 Rc8 12. a5 h6 13. Rfd1 Re8 14. Bf3 Ng4 15.
Bxg4 Bxg4 16. Rdc1 Bg5 17. Nd5 Be6 18. Bxg5 Qxg5 19. Qxg5 hxg5 20. c4 Kf8 21.
Nd2 g4 22. Rc3 g6 23. Rb3 Nc5 24. Rb6 Bxd5 25. exd5 Rc7 26. Rxd6 e4 27. b4 Nd3
28. Rb6 e3 29. fxe3 Rxe3 30. d6 Rc6 31. Rxc6 bxc6 32. b5 cxb5 33. cxb5 axb5 34.
a6 Re8 35. a7 Ra8 36. Ne4 b4 37. d7 Ke7 38. Rd1 Rxa7 39. Nc5 Ra1 40. Rxa1 Nxc5
41. Ra5 Nxd7 42. Rb5 f5 43. Rxb4 Ne5 44. Rb6 g5 45. Kf2 Kf7 46. Ra6 Nd3+ 47. Ke3
Nf4 48. Ra2 Ne6 49. Kd3 Kf6 50. Kc4 Ke5 51. Re2+ Kd6 52. Rd2+ Ke5 53. Re2+ Kd6
54. Ra2 Ke5 55. Re2+ 1/2-1/2

[Event "ch-Schachbundesliga 2020"]
[Site "Karlsruhe GER"]
[Date "2020.09.16"]
[Round "1.4"]
[Board "8"]
[White "Rudolf, Henrik"]
[Black "Lamby, Philipp"]
[Result "1/2-1/2"]
[WhiteTitle "FM"]
[WhiteElo "2295"]
[BlackElo "2130"]
[WhiteTeam "SF Berlin"]
[BlackTeam "Aachener SV"]
[WhiteFideId "4622723"]
[BlackFideId "4657160"]
[EventDate "2020.09.16"]

1. e4 e5 2. Nf3 Nc6 3. Bb5 a6 4. Ba4 Nf6 5. d3 b5 6. Bb3 Bc5 7. O-O d6 8. c3 Bb6
9. Re1 h6 10. h3 O-O 11. a4 Bd7 12. Nbd2 Ne7 13. Nf1 Ng6 14. Ng3 Qc8 15. d4 Bxh3
16. gxh3 Qxh3 17. Qd3 exd4 18. cxd4 Ne5 19. Nxe5 dxe5 20. Qf1 Qxf1+ 21. Kxf1
exd4 22. e5 Nh7 23. axb5 axb5 24. Rxa8 Rxa8 25. e6 fxe6 26. Rxe6 Kh8 27. Kg2 d3
28. Ne4 Ba5 29. Bf4 Nf8 30. Rc6 Re8 31. f3 Kh7 32. Ra6 Bb6 33. Bd2 Ne6 34. Ra1
Nd4 1/2-1/2

[Event "ch-Schachbundesliga 2020"]
[Site "Karlsruhe GER"]
[Date "2020.09.17"]
[Round "2.1"]
[Board "2"]
[White "Heimann, Andreas"]
[Black "McShane, Luke J"]
[Result "1/2-1/2"]
[WhiteTitle "GM"]
[BlackTitle "GM"]
[WhiteElo "2617"]
[BlackElo "2680"]
[WhiteTeam "Schachfreunde Deizisau"]
[BlackTeam "SV Werder Bremen"]
[WhiteFideId "24624632"]
[BlackFideId "404853"]
[EventDate "2020.09.16"]

1. e4 e5 2. Nf3 Nc6 3. Nc3 Nf6 4. d4 exd4 5. Nxd4 Bb4 6. Nxc6 bxc6 7. Bd3 d5 8.
Bd2 O-O 9. O-O Bxc3 10. Bxc3 dxe4 11. Bxf6 Qxf6 12. Bxe4 Qxb2 13. Bxc6 Rb8 14.
Rb1 Qxb1 15. Qxb1 Rxb1 16. Rxb1 Rd8 17. Bf3 Bf5 18. Rb7 Bxc2 19. h3 f5 20. Rxc7
Be4 21. Bxe4 fxe4 22. Kf1 Rd2 23. Rxa7 h6 24. a4 Kh7 25. a5 Ra2 26. a6 Kg6 27.
Ra8 Kg5 28. Ke1 Kh4 29. Rg8 e3 30. fxe3 g5 31. Ra8 Kg3 32. a7 Kxg2 33. e4 Kxh3
34. e5 g4 35. e6 Ra6 36. Kd2 Rd6+ 37. Kc3 Rxe6 38. Rh8 Ra6 39. Rxh6+ Rxh6 40.
a8=Q Kh2 41. Qa2+ Kg3 42. Qf7 Rh2 43. Kd3 Rf2 44. Qh5 Rf3+ 45. Ke2 Rf2+ 46. Ke1
Rf3 47. Qh6 Kg2 48. Qd2+ Kh3 49. Ke2 Kg2 50. Qd4 Kg3 51. Qb6 Kg2 52. Qc6 Kg3 53.
Qh6 Rf2+ 54. Ke3 Kg2 55. Qc6+ Rf3+ 56. Ke2 Kg3 57. Qd6+ Kg2 58. Qd5 Kg3 59. Qd4
Kh4 60. Qg1 Kh3 61. Qe1 Rf8 62. Qh1+ Kg3 63. Ke3 Rf3+ 64. Ke4 Rf4+ 65. Ke5 Rf3
66. Qg1+ Kh3 67. Ke4 Rf7 68. Qc5 Rf3 69. Qh5+ Kg3 70. Qh6 Rf2 71. Ke3 Rf3+ 72.
Ke2 Rf2+ 73. Ke1 Kg2 74. Qc6+ Rf3 75. Qb6 Rf1+ 76. Ke2 Rf3 77. Qb5 Rf2+ 78. Ke1
Rf3 79. Qe2+ Kg3 80. Qe5+ Kg2 81. Qd5 Kh3 82. Qg5 Kg3 83. Qh5 Rf8 84. Qh6 Rf3
85. Ke2 Rf2+ 86. Ke3 Rf3+ 87. Ke4 Rf1 1/2-1/2

[Event "ch-Schachbundesliga 2020"]
[Site "Karlsruhe GER"]
[Date "2020.09.17"]
[Round "2.1"]
[Board "3"]
[White "Areshchenko, Alexander"]
[Black "Meier, Georg"]
[Result "1-0"]
[WhiteTitle "GM"]
[BlackTitle "GM"]
[WhiteElo "2678"]
[BlackElo "2622"]
[WhiteTeam "SV Werder Bremen"]
[BlackTeam "Schachfreunde Deizisau"]
[WhiteFideId "14109530"]
[BlackFideId "4675789"]
[EventDate "2020.09.16"]

1. e4 e6 2. d4 d5 3. Nc3 Bb4 4. e5 c5 5. a3 Bxc3+ 6. bxc3 Qa5 7. Bd2 Qa4 8. Qb1
c4 9. Nh3 Nc6 10. g3 Bd7 11. Bg2 O-O-O 12. O-O Nge7 13. Re1 Kb8 14. Qd1 Rdf8 15.
Nf4 Rhg8 16. Nh5 Nc8 17. Ra2 Nb6 18. Qg4 Ne7 19. Qg5 Re8 20. Rb1 Qa5 21. a4 Bc6
22. Qf4 Ref8 23. Bc1 Nf5 24. g4 Nh4 25. Ba3 Qxc3 26. a5 Na4 27. Bb4 g5 28. Qe3
Qxe3 29. fxe3 c3 30. Bxf8 Rxf8 31. Ra3 Rc8 32. Bh1 a6 33. Nf6 h6 34. Rb4 Nb2 35.
Rxc3 Nc4 36. e4 Nxa5 37. exd5 exd5 38. Nxd5 Rd8 39. Rc5 b5 40. c4 1-0

[Event "ch-Schachbundesliga 2020"]
[Site "Karlsruhe GER"]
[Date "2020.09.17"]
[Round "2.1"]
[Board "4"]
[White "Bluebaum, Matthias"]
[Black "Efimenko, Zahar"]
[Result "1-0"]
[WhiteTitle "GM"]
[BlackTitle "GM"]
[WhiteElo "2660"]
[BlackElo "2602"]
[WhiteTeam "Schachfreunde Deizisau"]
[BlackTeam "SV Werder Bremen"]
[WhiteFideId "24651516"]
[BlackFideId "14107201"]
[EventDate "2020.09.16"]

1. d4 Nf6 2. c4 e6 3. Nc3 Bb4 4. Nf3 b6 5. Qb3 c5 6. dxc5 Bxc5 7. Bf4 O-O 8. Rd1
Bb7 9. e3 Nh5 10. Bg3 Nc6 11. Be2 Nxg3 12. hxg3 f5 13. a3 Rf7 14. Qc2 Qf6 15.
Nb5 Ne5 16. Qc3 Nxf3+ 17. Bxf3 Qxc3+ 18. Nxc3 Bxf3 19. gxf3 Rc8 20. Ke2 Bf8 21.
Kd3 d6 22. b3 a6 23. a4 Rfc7 24. Ne2 h6 25. e4 fxe4+ 26. fxe4 Rc5 27. f4 Kf7 28.
Ke3 b5 29. cxb5 axb5 30. b4 Rc4 31. axb5 Rb8 32. Nd4 Rxb4 33. Rb1 d5 34. Rxb4
Bxb4 35. Rc1 Rb7 36. Rc6 dxe4 37. Kxe4 Be7 38. Rc1 g5 39. fxg5 Bxg5 40. Rb1 Ke7
41. Nc6+ Kd7 42. Na5 Rb6 43. Nc4 Rb8 44. Rd1+ Kc7 45. b6+ Kc6 46. Ne5+ Kb7 47.
Rd6 Rc8 48. Rxe6 Rc1 49. Rd6 h5 50. Nf7 Re1+ 51. Kf5 Be7 52. Rh6 Re3 53. Kf4 Rb3
54. Nd6+ Bxd6+ 55. Rxd6 Rb4+ 56. Kf3 Rb5 57. Rg6 Rb4 58. Ke3 Ra4 59. Kf2 Rb4 60.
Kf3 Ra4 61. Rh6 Ra5 62. Kf4 Rb5 63. Rg6 Rc5 64. Rg5 Rc4+ 65. Kf5 h4 66. Rg7+
Kxb6 67. g4 Kc6 68. Rh7 Kd6 69. g5 Rc1 70. Rxh4 Ke7 71. Kg6 Rc6+ 72. Kg7 Rc7 73.
Re4+ Kd6+ 74. Kh6 1-0

[Event "ch-Schachbundesliga 2020"]
[Site "Karlsruhe GER"]
[Date "2020.09.17"]
[Round "2.1"]
[Board "6"]
[White "Keymer, Vincent"]
[Black "Werle, Jan"]
[Result "1-0"]
[WhiteTitle "GM"]
[BlackTitle "GM"]
[WhiteElo "2568"]
[BlackElo "2580"]
[WhiteTeam "Schachfreunde Deizisau"]
[BlackTeam "SV Werder Bremen"]
[WhiteFideId "12940690"]
[BlackFideId "1006088"]
[EventDate "2020.09.16"]

1. d4 Nf6 2. c4 e6 3. Nf3 d5 4. Nc3 Bb4 5. Qa4+ Nc6 6. e3 O-O 7. Bd2 Re8 8. a3
Bd6 9. c5 Bf8 10. Bb5 Bd7 11. Qc2 a6 12. Bxc6 Bxc6 13. Ne5 Nd7 14. Nxc6 bxc6 15.
f4 Qh4+ 16. g3 Qg4 17. Qa4 e5 18. fxe5 f6 19. Qxc6 fxe5 20. O-O exd4 21. Qxd5+
Kh8 22. Rf4 1-0

[Event "ch-Schachbundesliga 2020"]
[Site "Karlsruhe GER"]
[Date "2020.09.17"]
[Round "2.1"]
[Board "7"]
[White "Reuker, Jari"]
[Black "Lagarde, Maxime"]
[Result "0-1"]
[BlackTitle "GM"]
[WhiteElo "2401"]
[BlackElo "2657"]
[WhiteTeam "SV Werder Bremen"]
[BlackTeam "Schachfreunde Deizisau"]
[WhiteFideId "12909300"]
[BlackFideId "662399"]
[EventDate "2020.09.16"]

1. Nf3 f5 2. d3 Nc6 3. d4 e6 4. g3 Nf6 5. Bg2 Be7 6. c4 O-O 7. O-O d6 8. Nc3 Ne4
9. Qc2 Nxc3 10. Qxc3 Bf6 11. b4 e5 12. b5 Nxd4 13. Nxd4 exd4 14. Qd3 Rb8 15. Bb2
Be6 16. Bxd4 Bxd4 17. Qxd4 Qf6 18. Rfd1 f4 19. Rac1 b6 20. Qxf6 Rxf6 21. Rd3 Rf5
22. Ra3 fxg3 23. hxg3 Rc5 24. Rac3 g5 25. Kf1 Kg7 26. e3 h5 27. Ke2 Rh8 28. Kd3
h4 29. gxh4 gxh4 30. f4 h3 31. Bf3 h2 32. R3c2 Rh3 33. Bh1 Bf5+ 34. Kd4 Bxc2 35.
Rxc2 d5 36. Rg2+ Kf6 37. Rg8 Rxc4+ 38. Kxd5 Rc1 39. Bg2 Rg1 40. Rf8+ Kg7 0-1

[Event "ch-Schachbundesliga 2020"]
[Site "Karlsruhe GER"]
[Date "2020.09.17"]
[Round "2.1"]
[Board "8"]
[White "Kozul, Zdenko"]
[Black "Wachinger, Nikolas"]
[Result "1-0"]
[WhiteTitle "GM"]
[WhiteElo "2597"]
[BlackElo "2304"]
[WhiteTeam "Schachfreunde Deizisau"]
[BlackTeam "SV Werder Bremen"]
[WhiteFideId "14502879"]
[BlackFideId "12962791"]
[EventDate "2020.09.16"]

1. d4 Nf6 2. Nf3 d5 3. c4 e6 4. Nc3 Bb4 5. Bg5 h6 6. Bxf6 Qxf6 7. e3 O-O 8. Rc1
dxc4 9. Bxc4 c5 10. dxc5 Nd7 11. O-O Nxc5 12. Nb5 a6 13. Nbd4 Ba5 14. Be2 Bb6
15. b4 Nd7 16. Qc2 Rd8 17. Nb3 Qe7 18. a3 Nf6 19. Ne5 Bd7 20. Nxd7 Rxd7 21. Bf3
a5 22. Nxa5 Bxa5 23. Qa4 Qd8 24. bxa5 Rxa5 25. Qb3 Nd5 26. Rc4 Rc7 27. Rd4 Qe7
28. a4 Rc3 29. Qd1 Qc5 30. h4 b5 31. Bxd5 exd5 32. Rxd5 Qc6 33. Rd8+ Kh7 34.
Qb1+ g6 35. Qb4 Rc1 36. Qxa5 Rxf1+ 37. Kxf1 Qc4+ 38. Ke1 1-0

[Event "ch-Schachbundesliga 2020"]
[Site "Karlsruhe GER"]
[Date "2020.09.17"]
[Round "2.2"]
[Board "1"]
[White "Huschenbeth, Niclas"]
[Black "Vachier-Lagrave, Maxime"]
[Result "0-1"]
[WhiteTitle "GM"]
[BlackTitle "GM"]
[WhiteElo "2612"]
[BlackElo "2778"]
[WhiteTeam "FC Bayern Muenchen"]
[BlackTeam "OSG Baden-Baden"]
[WhiteFideId "24604747"]
[BlackFideId "623539"]
[EventDate "2020.09.16"]

1. e4 c5 2. Nf3 d6 3. Bb5+ Nd7 4. d4 cxd4 5. Qxd4 a6 6. Be2 Ngf6 7. O-O e6 8. c4
b6 9. Nc3 Bb7 10. Rd1 Be7 11. b3 O-O 12. Ba3 Nc5 13. Nd2 Qc7 14. b4 Ncd7 15. Bb2
Rac8 16. Rac1 Rfe8 17. a3 Qb8 18. Nf1 Bd8 19. Ng3 Bc7 20. Re1 Bc6 21. a4 a5 22.
bxa5 bxa5 23. Nb5 e5 24. Qe3 Bb6 25. Qg5 h6 26. Qh4 Nf8 27. Bh5 Ng6 28. Bxg6
fxg6 29. Ba3 Bxb5 30. cxb5 Rf8 31. Nh1 Rxc1 32. Bxc1 Qc8 33. Qg3 Nxe4 34. Qb3+
Kh7 35. Be3 Bxe3 36. Qxe3 Nc5 37. Qd2 Qd8 38. Qc2 Qh4 39. Qd2 Qd8 40. Qc2 Rf4
41. Ra1 Qh4 42. g3 Qg5 43. Rd1 Rd4 44. Rxd4 exd4 45. f4 Qe7 46. Nf2 Qe1+ 47. Kg2
d3 48. Qc4 d2 49. Qd5 Qe2 50. f5 Nd3 51. fxg6+ Kxg6 0-1

[Event "ch-Schachbundesliga 2020"]
[Site "Karlsruhe GER"]
[Date "2020.09.17"]
[Round "2.2"]
[Board "2"]
[White "Wojtaszek, Radoslaw"]
[Black "Dragnev, Valentin"]
[Result "1/2-1/2"]
[WhiteTitle "GM"]
[BlackTitle "GM"]
[WhiteElo "2717"]
[BlackElo "2553"]
[WhiteTeam "OSG Baden-Baden"]
[BlackTeam "FC Bayern Muenchen"]
[WhiteFideId "1118358"]
[BlackFideId "1634852"]
[EventDate "2020.09.16"]

1. Nf3 Nf6 2. g3 g6 3. b3 d5 4. Bb2 c5 5. Bg2 Bg7 6. O-O O-O 7. e3 Nc6 8. Ne5
Bd7 9. Nxd7 Qxd7 10. d3 Rac8 11. Nd2 Rfd8 12. Qe2 b5 13. Rfd1 d4 14. e4 e5 15.
Qf1 Qe7 16. Bh3 Rc7 17. Qe2 Ne8 18. a4 a6 19. Nf3 Bh6 20. axb5 axb5 21. Ra6 Nd6
22. Rda1 Nb4 23. R6a5 Bg7 24. c3 Nc6 25. Ra6 dxc3 26. Bxc3 b4 27. Bd2 Nb5 28.
Be3 Ncd4 29. Bxd4 Nxd4 30. Qd1 Bh6 31. Kg2 Kg7 32. R1a5 Rd6 33. Ra8 Rf6 34. Bg4
Nxf3 35. Bxf3 Rd6 36. Qc2 Rd4 37. Rb8 Rd8 38. Rxd8 Qxd8 39. Rxc5 Rxc5 40. Qxc5
Qd4 41. Qxd4 exd4 42. Bg4 Bd2 43. f4 f6 44. Be6 g5 45. Kf3 gxf4 46. gxf4 Kf8 47.
Kg4 h6 48. Kf5 Ke7 49. Bd5 Bc1 50. h4 Bd2 51. h5 Bc1 52. e5 fxe5 53. fxe5 Bd2
54. Bf3 Bc1 55. Ke4 Bb2 56. Kd5 Bc3 57. Bg4 Bb2 58. Bf5 Bc3 59. Kc5 Kd8 60. Kd6
Bd2 61. Ke6 Bc1 62. Kd6 Bd2 63. Bg6 Be1 64. Ke6 Bd2 65. Bf5 Be1 66. Kd5 Bc3 67.
Kd6 Be1 68. e6 Bh4 69. Kc5 Be7+ 70. Kxd4 Bd6 71. Kd5 Ke7 72. Bg4 Bb8 73. d4 Bd6
74. Kc4 Kd8 75. Kb5 Ke7 76. Kc6 Bb8 77. Kc5 Bd6+ 78. Kd5 Bb8 79. Ke4 Kf6 80. Bh3
Bc7 81. Kd5 Ke7 82. Kc6 Bb8 1/2-1/2

[Event "ch-Schachbundesliga 2020"]
[Site "Karlsruhe GER"]
[Date "2020.09.17"]
[Round "2.2"]
[Board "3"]
[White "Studer, Noel"]
[Black "Rapport, Richard"]
[Result "0-1"]
[WhiteTitle "GM"]
[BlackTitle "GM"]
[WhiteElo "2573"]
[BlackElo "2760"]
[WhiteTeam "FC Bayern Muenchen"]
[BlackTeam "OSG Baden-Baden"]
[WhiteFideId "1319620"]
[BlackFideId "738590"]
[EventDate "2020.09.16"]

1. d4 d5 2. c4 e6 3. Nf3 c6 4. Nbd2 f5 5. g3 Nd7 6. Bg2 Nh6 7. Qc2 Nf7 8. b3 g5
9. e3 Bd6 10. Bb2 a5 11. h4 g4 12. Ng1 O-O 13. Ne2 Nf6 14. Nf4 Qe7 15. O-O Nh8
16. c5 Bc7 17. a3 Ng6 18. b4 Nxf4 19. exf4 Nh5 20. Rfe1 Nxf4 21. gxf4 Bxf4 22.
Nc4 Qxh4 23. Nb6 e5 24. Nxd5 cxd5 25. Rxe5 Bh2+ 26. Kf1 Bxe5 27. Bxd5+ Kg7 28.
dxe5 axb4 29. Ke2 Rxa3 30. Bxa3 bxa3 31. Qc3 f4 32. Rxa3 f3+ 33. Ke3 Qg5+ 34.
Kd3 Rd8 35. Qd4 Be6 0-1

[Event "ch-Schachbundesliga 2020"]
[Site "Karlsruhe GER"]
[Date "2020.09.17"]
[Round "2.2"]
[Board "5"]
[White "Lokander, Martin"]
[Black "Vallejo Pons, Francisco"]
[Result "1/2-1/2"]
[WhiteTitle "IM"]
[BlackTitle "GM"]
[WhiteElo "2406"]
[BlackElo "2710"]
[WhiteTeam "FC Bayern Muenchen"]
[BlackTeam "OSG Baden-Baden"]
[WhiteFideId "1709569"]
[BlackFideId "2205530"]
[EventDate "2020.09.16"]

1. d4 Nf6 2. Bf4 g6 3. Nf3 Bg7 4. e3 O-O 5. Nbd2 d5 6. c3 b6 7. Be2 c5 8. O-O
Nc6 9. Ne5 Bb7 10. Qa4 Qc8 11. b4 c4 12. Nxc6 Bxc6 13. b5 Bd7 14. Qb4 a5 15.
Qxe7 Re8 16. Qa3 a4 17. Bd6 Bxb5 18. Qb2 Qd7 19. Ba3 Bc6 20. Rab1 b5 21. Rfe1
Qc7 22. Bd1 Rad8 23. Nf1 Nd7 24. f3 Re6 25. Qf2 Rde8 26. Bc2 f5 27. Re2 Qa5 28.
Bb4 Qd8 29. Rbe1 Bf6 30. Nd2 Bh4 31. g3 Be7 32. Rb1 a3 33. Qe1 Bxb4 34. cxb4 Nb8
35. f4 Qe7 36. Kf2 Nd7 1/2-1/2

[Event "ch-Schachbundesliga 2020"]
[Site "Karlsruhe GER"]
[Date "2020.09.17"]
[Round "2.2"]
[Board "6"]
[White "Naiditsch, Arkadij"]
[Black "Rafiee, Makan"]
[Result "1-0"]
[WhiteTitle "GM"]
[BlackTitle "FM"]
[WhiteElo "2624"]
[BlackElo "2334"]
[WhiteTeam "OSG Baden-Baden"]
[BlackTeam "FC Bayern Muenchen"]
[WhiteFideId "4650891"]
[BlackFideId "24609340"]
[EventDate "2020.09.16"]

1. e4 e5 2. Nf3 Nc6 3. Bb5 a6 4. Ba4 Nf6 5. O-O Be7 6. d3 b5 7. Bb3 d6 8. a3 O-O
9. Nc3 Na5 10. Ba2 c5 11. Be3 Be6 12. Nd5 Nc6 13. c3 Rc8 14. b4 c4 15. dxc4 Nxe4
16. Qd3 Bxd5 17. cxd5 Nf6 18. dxc6 e4 19. Qd1 exf3 20. Qxf3 Qc7 21. c4 Qxc6 22.
Rac1 Qd7 23. Rfd1 bxc4 24. Bxc4 Qa4 25. Bd4 a5 26. Bb3 Qb5 27. bxa5 Qxa5 28.
Rxc8 Rxc8 29. Qb7 Qd8 30. Bxf6 Bxf6 31. Qxf7+ Kh8 32. g3 Qa5 33. a4 Be5 34. h4
Qa8 35. Qd5 Qa7 36. Kg2 Qa6 37. Rd3 Re8 38. h5 Qc8 39. Rf3 Rf8 40. Rxf8+ Qxf8
41. a5 Qb8 42. a6 1-0